| 000 | 01370nam a2200265Ia 4500 | ||
|---|---|---|---|
| 003 | Ost | ||
| 005 | 20260416102354.0 | ||
| 008 | 260416s9999||||xx |||||||||||||| ||und|| | ||
| 040 | _cfsecg | ||
| 041 | _aara | ||
| 082 | _a658.8 | ||
| 100 |
_aعينوس، رضوان _eمؤلف |
||
| 245 | 0 |
_aالتسويق الدولي / _c رضوان عينوس |
|
| 260 |
_aالجزائر _bجامعة الجزائر3: كلية العلوم الإقتصادية، العلوم التجارية وعلوم التسيير _c2018 |
||
| 300 |
_a104 ورقة _bايضاحات _c30 سم |
||
| 504 | _aمراجع ص.97 | ||
| 520 | _aمدخل للتسويق الدولي، تقييم بيئة المؤسسة دوليا،بحوث التسويق الدولي و نظم المعلومات الدولية، استراتيجيات تقييم الاسواق الدولية، نظريات التدويل و النظريات الكلاسيكية للتجارة الدولية، المزيج التسويقي الدولي. | ||
| 653 | _aالاستراتيجية | ||
| 653 | _aالاسواق | ||
| 653 | _aالتجارة الدولية | ||
| 653 | _aالتسويق الدولي | ||
| 653 | _aالشركات | ||
| 710 |
_aجامعة الجزائر3: كلية العلوم الإقتصادية، العلوم التجارية وعلوم التسيير _eناشر علمي |
||
| 942 | _cHANDOUT | ||
| 999 |
_c41125 _d41125 |
||